00649 a2200181 4500020001800000040001300018082001700031100001600048110001900064245009400083260002900177300001100206650002700217700001600244942002600260999001700286952016400303 a9780387745176 aDLCbDLC a621.3827 DUT aRudra Dutta aAhmed E. Kamal aTraffic Grooming for Optical Networks: foundations, techniques and frontierscRudra Dutta aNew YorkbSpringerc2008 a295 p. aOptical communications aRudra Dutta cBKk621.3827 DUT2ddc c10691d10691 001040708NFICaCLbCLcGENd2008-10-13eProgressive International Agenciesg7916.50l2m1o621.3827 DUTpSEECS009284r2023-01-26s2018-10-04w2017-01-05yBK